000 00596nam a22001937a 4500
999 _c160374
_d160374
005 20190128130813.0
010 _aENG-124658
020 _a9789350578858
_c250.00
035 _aEN-108190
037 _bDBAD/PUB
082 _a005.52
100 _aBittu Kumar
245 _aComprehensive computer learning:
_cby Bittu Kumar
_bmicrosoft word 2010/
260 _aNew Delhi
_bV & S Publishers
_c2017
270 _aF-2/16, Ansari Road, Daryaganj,
_bNew Delhi
_e110002
300 _a95p.
_c25cm.(pbk)
_bill.
500 _aIt includes WINDOWS 8
942 _2ddc
_cEN
_mBIT
_h005.52